Phương pháp dạy học tiếng Việt

Môn tiếng Việt ở trường phổ thông trung học. Các nguyên tắc và phương pháp dạy học tiếng Việt. Phương pháp dạy những vấn đề lí thuyết chung, dạy học từ ngữ, dạy học ngữ pháp, dạy học làm văn

Đã lưu trong:
Sonraí Bibleagrafaíochta
Príomhúdar: Lê A
Údair Eile: Nguyễn Quang Ninh (Tác giả), Bùi Minh Toán (Tác giả)
Formáid: Leabhar
Teanga:Vietnamese
Foilsithe: H. Giáo dục 1998
Eagrán:Tái bản lần 2
Sraith:Đại học sư phạm
Ábhair:
Clibeanna: Cuir Clib Leis
Gan Chlibeanna, Bí ar an gcéad duine leis an taifead seo a chlibeáil!
Thư viện lưu trữ: Mạng thư viện Đại học Đà Nẵng
LEADER 01534nam a22003978a 4500
001 000015552
003 11935
005 20120530100503.0
008 120530s1998 b 000 0 vieod
020 |c 13500  |d 3.500b 
041 0 |a vie 
080 |a 4(V)(075.3) 
082 |a 495.922071  |b LÊ-A 
084 |a V172.1-922  |b PH561P 
100 1 |a Lê A 
245 1 0 |a Phương pháp dạy học tiếng Việt  |c B.s: Lê A (ch.b), Nguyễn Quang Ninh, Bùi Minh Toán 
250 |a Tái bản lần 2 
260 |a H.  |b Giáo dục  |c 1998 
300 |a 239tr  |c 21cm 
490 |a Đại học sư phạm 
520 |a Môn tiếng Việt ở trường phổ thông trung học. Các nguyên tắc và phương pháp dạy học tiếng Việt. Phương pháp dạy những vấn đề lí thuyết chung, dạy học từ ngữ, dạy học ngữ pháp, dạy học làm văn 
653 |a giáo trình 
653 |a Tiếng Việt 
653 |a phương pháp giảng dạy 
700 1 |a Nguyễn Quang Ninh  |e Tác giả 
700 1 |a Bùi Minh Toán  |e Tác giả 
OWN |a LSP 
AVA |a UDN50  |b LSP  |d 495.922071 LÊ-A  |e available  |t Error 5001 Not defined in file expand_doc_bib_avail.  |f 8  |g 0  |h N  |i 0  |k 1 
999 |a From the UDN01 
AVA |a UDN50  |b LSP  |d 495.922071 LÊ-A  |e available  |t Error 5001 Not defined in file expand_doc_bib_avail.  |f 8  |g 0  |h N  |i 0  |k 1 
TYP |a Monograph 
TYP |a Printed language 
980 |a Mạng thư viện Đại học Đà Nẵng